Hombres tejedores de cardonal: una construcción desde el simulacro

La investigación plantea un acercamiento exploratorio a las dimensiones que alcanza la práctica del tejido artesanal en la postmodernidad, especialmente a partir de la influencia que las políticas públicas patrimoniales y los medios de comunicación han tenido sobre ella. El caso de estudio que se ab...

Full description

Bibliographic Details
Main Author: Ramírez Cotal, Jaime
Other Authors: Laso Zanzi, María Consuelo (profesora guía)
Format: Tesis
Language:Spanish
Published: Santiago, Chile: Universidad Academia de Humanismo Cristiano, 2020.
Subjects:

MARC

LEADER 00000cmm a22000007a 4500
001 045008
003 UAHC_CL
005 20230720122650.0
008 171206s2018 cl o d 000 spa
040 |a UAHC_CL  |c UAHC_CL  |d UAHC_CL 
100 |a Ramírez Cotal, Jaime  |9 10573 
245 1 0 |a Hombres tejedores de cardonal:  |b una construcción desde el simulacro  |c Jaime Ramírez; profesora guía Consuelo Lazo. 
260 |a Santiago, Chile:  |b Universidad Academia de Humanismo Cristiano,  |c 2020. 
300 |a 75 páginas. 
500 |a Tesis para optar al grado de Magíster en Antropología. 
502 |a Tesis (Magíster en Antropología) --Universidad Academia de Humanismo Cristiano, 2020. 
516 |a Tesis electrónica (PDF). Solicitar envío de documento a biblioteca@academia.cl. 
520 |a La investigación plantea un acercamiento exploratorio a las dimensiones que alcanza la práctica del tejido artesanal en la postmodernidad, especialmente a partir de la influencia que las políticas públicas patrimoniales y los medios de comunicación han tenido sobre ella. El caso de estudio que se aborda está situado en la comunidad costera de Cardonal, en la región del Maule, donde se identifica una agrupación de tejedores y tejedoras que a través de la práctica del tejido a palillo, han construido un relato en torno a la figura de los hombres tejedores, donde el simulacro pasa a ser una categoría central de su performance, a partir de un discurso que enfatiza las características asociadas al género de sus artesanos. 
650 0 |9 8820  |a Artesanía natural 
650 0 |9 1484  |a Identidad cultural  |z Chile 
650 0 |9 1827  |a Identidad de género 
700 |a Laso Zanzi, María Consuelo  |e profesora guía  |9 10782 
900 |a TMAN 30 
942 |c TS 
952 |0 0  |1 0  |4 0  |6 TMAN_30_000000000000000  |7 0  |8 COMP  |9 93285  |a BC  |b BC  |c Digital  |d 2020-01-17  |o TMAN 30  |r 2020-01-17 00:00:00  |w 2020-01-17  |y TS  |z Documento en PDF  |B MANT 
999 |c 52998  |d 52998